| 000 | 01406nam0a22003131 4500 | ||
|---|---|---|---|
| 001 | rc\4032279 | ||
| 005 | 20250611063309.0 | ||
| 021 |
_aRU _b[48-10300] |
||
| 035 | _a(NLR Aleph) 008093089 | ||
| 090 |
_a9196226 _c9196226 |
||
| 100 | _a20130415d1948 |||y0rusy50 ca | ||
| 101 | 0 | _arus | |
| 102 | _aRU | ||
| 105 | _aab z ||||| | ||
| 200 | 1 |
_aОпыт применения геофизических работ в Азербайджане при поисках нефтеносных структур _fБюро техн.-экон. информации ЦИМТНефти |
|
| 210 |
_aМосква _cТип. "Кр. печатник" в Л. _d1948 |
||
| 215 |
_a53 с. _cчерт., карт. _d19 |
||
| 225 | 1 |
_aОбмен отечественным опытом _iГеология |
|
| 300 | _aПеред загл. авт.: В.И. Куликов | ||
| 320 | _aБиблиогр.: 3-я с. обл. (7 назв.) | ||
| 606 |
_aГеофизические работы _yАзербайджанская ССР _2psbo |
||
| 606 |
_aНефть _xПоиски и разведка _yАзербайджанская ССР _2psbo |
||
| 700 | 1 |
_7ca _8rus _aКуликов _bВ. И. _cгеолог-нефтяник _gВиктор Иванович _9237724 _3RU\NLR\AUTH\770237780 |
|
| 801 | 0 |
_aRU _bNLR _gpsbo |
|
| 801 | 1 |
_aRU _bELAR _2rusmarc |
|
| 852 |
_aNLR _jГн02 Г-4/169 |
||
| 942 | _cBOOK | ||
| 980 | _aNB | ||